Doña Juana de Castilla / (Record no. 193299)

MARC details
000 -LEADER
campo de control de longitud fija 02443nam a2200457 i 4500
001 - NÚMERO DE CONTROL
campo de control 193299
003 - IDENTIFICADOR DE NÚMERO DE CONTROL
campo de control SpMaBN
005 - FECHA Y HORA DE LA ÚLTIMA TRANSACCIÓN
campo de control 20250709194747.0
007 - CAMPO FIJO DE DESCRIPCIÓN FÍSICA--INFORMACIÓN GENERAL
campo de control de longitud fija ta
008 - DATOS DE LONGITUD FIJA--INFORMACIÓN GENERAL
campo de control de longitud fija 231031s2015 sp | |||| 000 1dspa
017 ## - NÚMERO DE COPYRIGHT O DE DEPÓSITO LEGAL
Número de copyright o de depósito legal M 12110-2015
Agencia que asigna Oficina Depósito Legal Madrid
020 ## - NÚMERO INTERNACIONAL ESTÁNDAR DEL LIBRO
Número Internacional Estándar del Libro 9788494391309
035 ## - NÚMERO DE CONTROL DEL SISTEMA
Número de control de sistema (OCoLC)911117267
035 ## - NÚMERO DE CONTROL DEL SISTEMA
Número de control de sistema a5647022
040 ## - FUENTE DE CATALOGACIÓN
Centro catalogador/agencia de origen SpMaBN
Lengua de catalogación spa
Centro/agencia transcriptor SpMaBN
Normas de descripción rdc
Centro/agencia modificador ES-MaACL
080 ## - NÚMERO DE LA CLASIFICACIÓN DECIMAL UNIVERSAL
Número de la Clasificación Decimal Universal 929 Juana I, Reina de Casitlla (0:82)
080 ## - NÚMERO DE LA CLASIFICACIÓN DECIMAL UNIVERSAL
Número de la Clasificación Decimal Universal 821.112.2-32"18"
100 1# - ENTRADA PRINCIPAL--NOMBRE DE PERSONA
Nombre de persona Wassermann, Jakob,
Fechas asociadas al nombre 1873-1934
Número de control del registro de autoridad o número normalizado XX1068579
9 (RLIN) 116154
Término indicativo de función/relación Autor
245 10 - MENCIÓN DEL TÍTULO
Título Doña Juana de Castilla /
Mención de responsabilidad, etc. Jakob Wassermann ; traducción de Carlos Fortea
250 ## - MENCION DE EDICION
Mención de edición Primera edición: mayo de 2015
260 ## - PUBLICACIÓN, DISTRIBUCIÓN, ETC.
Lugar de publicación, distribución, etc. [Madrid] :
Nombre del editor, distribuidor, etc. Mármara,
Fecha de publicación, distribución, etc. 2015.
300 ## - DESCRIPCIÓN FÍSICA
Extensión 84 páginas ;
Dimensiones 16 cm
336 ## - TIPO DE CONTENIDO
Término de tipo de contenido Texto (visual)
Fuente isbdcontent
337 ## - TIPO DE MEDIO
Nombre/término del tipo de medio sin mediación
Fuente isbdmedia
338 ## - TIPO DE SOPORTE
Fuente rdacarrier
Nombre/término del tipo de soporte volumen
490 1# - MENCIÓN DE SERIE
Mención de serie La balsa de piedra ;
Designación de volumen o secuencia 1
520 ## - RESUMEN, ETC.
Sumario, etc. Juana I de Castilla, más conocida como Juana “la Loca”, es uno de los personajes más incomprendidos de la historia de España. Hija, esposa y madre de reyes, desde pequeña fue instruida para vivir según los demás dispusieran. En el relato que ahora presentamos, por primera vez traducido al castellano, se narra la vida de Doña Juana, desde su más tierna infancia hasta los últimos días de su solitaria existencia en el castillo de Tordesillas; acentuando el hecho capital que marcará su existencia, el matrimonio con Felipe “el Hermoso”, archiduque de Austria. Jakob Wassermann consigue crear un personaje inolvidable, mediante el empleo de un lenguaje cargado de lirismo y profundamente conmovedor.
534 ## - NOTA SOBRE LA VERSIÓN ORIGINAL
Frase introductoria Traducción de: Donna Johanna von Kastilien
600 0# - PUNTO DE ACCESO ADICIONAL DE MATERIA--NOMBRE DE PERSONA
Nombre de persona Juana
Numeración I,
Títulos y otros términos asociados al nombre Reina de Castilla-
Subdivisión de forma Novelas
Fuente del encabezamiento o término embne
9 (RLIN) 234430
655 #7 - TERMINO DE INDIZACIÓN--GENERO/FORMA
Datos o término principal de género/forma Novelas históricas
Fuente del término tgfbne
9 (RLIN) 226782
700 1# - ENTRADA AGREGADA--NOMBRE PERSONAL
Nombre de persona Fortea, Carlos,
Fechas asociadas al nombre 1963-
Término indicativo de función/relación Traductor
9 (RLIN) 51844
830 #3 - PUNTO DE ACCESO ADICIONAL DE SERIE-TÍTULO UNIFORME
Título uniforme La balsa de piedra (Madrid) ;
9 (RLIN) 234520
Designación de volumen o secuencia 1
852 ## - LOCALIZACIÓN
Ubicación ES-MaACL
itemnumber 200739
Sublocalización o colección R.154728
Número de control de estantería N-9502
Ubicación en estantería Depósito J
Donativo/Legado Donación: Carlos Fortea
Encuadernación Encuadernación rústica con solapas
903 ## - NOMBRE PERSONAL DE DONANTE
a Fortea, Carlos,
d 1963-
e Donante
9 51844
942 ## - ELEMENTOS DE ENTRADA SECUNDARIOS (KOHA)
Suprimir en OPAC No
Tipo de ítem Koha Libro impreso
Holdings
Estatus retirado Estado de pérdida Fuente del sistema de clasificación o colocación Estado de daño No para préstamo Biblioteca de origen Biblioteca actual Ubicación en estantería Fecha de adquisición Fuente de adquisición Número de control de estantería Total de préstamos Signatura topográfica completa Código de barras Visto por última vez Tipo de ítem Koha
    Clasificación decimal universal     Biblioteca del Ateneo de Madrid Biblioteca del Ateneo de Madrid Depósito J 31/10/2023 Donación Ateneísta   N-9502 101206028 31/10/2023 Libro impreso